[Event "NCL978b Wessex-Coulsdon"]
[Site "Rd10"]
[Date "1998.05.24"]
[Round "10.1"]
[White "Rossiter, Philip"]
[Black "Dunworth, Chris"]
[Result "1-0"]
[WhiteElo "2370"]
[BlackElo "2310"]
[PlyCount "160"]
[EventDate "1998.05.24"]

1. e4 Nf6 2. e5 Nd5 3. Bc4 Nb6 4. Bb3 d5 5. exd6 cxd6 6. d4 d5 7. Nf3 Nc6 8. c3
Bf5 9. Nh4 Be4 10. Nd2 Bg6 11. Nxg6 hxg6 12. Nf3 e6 13. Qe2 Be7 14. Bf4 a6 15.
Bc2 Bf6 16. Bd3 Rc8 17. O-O Kf8 18. g3 Ne7 19. Kg2 Nf5 20. h4 Nc4 21. Rh1 a5
22. a4 Qe7 23. Rh2 Qd8 24. Rah1 Qb6 25. Bc1 Qb3 26. g4 Nfd6 27. g5 Be7 28. h5
gxh5 29. Rxh5 Rxh5 30. Rxh5 g6 31. Rh7 Ke8 32. Bxg6 Kd7 33. Bc2 Qa2 34. g6 Rg8
35. g7 Bf6 36. Ne5+ Ke7 37. Ng4 Rxg7 38. Qf3 Nf5 39. Bxf5 exf5 40. Qxf5 Rxh7
41. Qxf6+ Kf8 42. Bh6+ Rxh6 43. Nxh6 Ke8 44. Qxf7+ Kd8 45. Nf5 Qxa4 46. Qxd5+
Qd7 47. Qg8+ Qe8 48. Qxc4 Qe4+ 49. f3 Qxf5 50. Qc5 Qg6+ 51. Kf2 b6 52. Qd5+ Kc8
53. Qa8+ Kc7 54. Qe4 Qh6 55. Qe5+ Kb7 56. Ke2 Qc1 57. Qd5+ Ka7 58. Qb5 Qc2+ 59.
Ke3 Qc1+ 60. Ke4 Qc2+ 61. Ke5 Qh2+ 62. f4 Qh5+ 63. Ke4 Qh1+ 64. Ke3 Qc1+ 65.
Ke2 Qc2+ 66. Kf3 Qd1+ 67. Qe2 Qh1+ 68. Ke3 Qc1+ 69. Kf3 Qh1+ 70. Kg4 Qg1+ 71.
Kf5 Qg7 72. Qe6 Qh7+ 73. Ke5 Qg7+ 74. Kd6 Qh8 75. Kc6 Qa8+ 76. Kb5 Qb7 77. Qc6
Qa6+ 78. Ka4 Qf1 79. d5 Qxf4+ 80. Kb5 Qf1+ 1-0

[Event "NCL978b Wessex-Coulsdon"]
[Site "Rd10"]
[Date "1998.05.24"]
[Round "10.2"]
[White "Pigott, John"]
[Black "Neil, David"]
[Result "1-0"]
[WhiteElo "2360"]
[BlackElo "2265"]
[PlyCount "75"]
[EventDate "1998.05.24"]

1. d4 Nf6 2. c4 e5 3. dxe5 Ng4 4. e3 Nxe5 5. Nh3 Nbc6 6. Be2 b6 7. O-O Bb7 8.
Nc3 Qh4 9. f4 Ng6 10. Ng5 f6 11. Bg4 Nge5 12. fxe5 Nxe5 13. Bh5+ g6 14. Bf3
Nxf3+ 15. Nxf3 Qxc4 16. Qd4 Qc6 17. Kh1 O-O-O 18. e4 h5 19. Nd5 Ba6 20. Re1 f5
21. Qxh8 fxe4 22. Qxf8 Rxf8 23. Ne7+ Kb7 24. Nxc6 exf3 25. gxf3 Kxc6 26. Kg2
Bd3 27. Bh6 Rf7 28. Rac1+ Kb7 29. Bg5 Rf5 30. h4 c5 31. Kg3 c4 32. Bd2 Kc6 33.
Bc3 b5 34. a3 Kb6 35. Bd4+ Ka6 36. Re5 Rf8 37. Rce1 Ka5 38. Bxa7 1-0

[Event "NCL978b Wessex-Coulsdon"]
[Site "Rd10"]
[Date "1998.05.24"]
[Round "10.3"]
[White "Corkett, Anthony"]
[Black "Harley, Andrew"]
[Result "1/2-1/2"]
[WhiteElo "2295"]
[BlackElo "2305"]
[PlyCount "57"]
[EventDate "1998.05.24"]

1. Nf3 Nf6 2. g3 b6 3. Bg2 Bb7 4. O-O e6 5. c4 Be7 6. Nc3 O-O 7. b3 d5 8. cxd5
Nxd5 9. Nxd5 Bxd5 10. Bb2 c5 11. Re1 Bf6 12. Qc2 Nc6 13. Bxf6 Qxf6 14. e4 Nb4
15. Qc3 Bb7 16. e5 Qe7 17. a3 Nc6 18. Rab1 Rfd8 19. b4 cxb4 20. axb4 Rac8 21.
Qb2 Rd3 22. Re3 Rcd8 23. Rxd3 Rxd3 24. b5 Na5 25. Rc1 Nb3 26. Rc3 Nc5 27. Rxd3
Nxd3 28. Qd4 Nc5 29. Ne1 1/2-1/2

[Event "NCL978b Wessex-Coulsdon"]
[Site "Rd10"]
[Date "1998.05.24"]
[Round "10.4"]
[White "Swanson, Stephen"]
[Black "Yeo, Michael"]
[Result "1-0"]
[WhiteElo "2235"]
[BlackElo "2210"]
[PlyCount "61"]
[EventDate "1998.05.24"]

1. e4 Nf6 2. Nc3 e5 3. f4 d5 4. fxe5 Nxe4 5. Qf3 f5 6. d3 Nxc3 7. bxc3 d4 8.
Qf2 Nc6 9. cxd4 Qxd4 10. Qxd4 Nxd4 11. Kd1 Bd7 12. Nf3 Nxf3 13. gxf3 O-O-O 14.
Bh3 Re8 15. Bb2 f4 16. Bxd7+ Kxd7 17. d4 Ke6 18. c4 c6 19. Ke2 Rd8 20. Rad1 Rd7
21. Kd3 c5 22. d5+ Kf5 23. Rde1 Rc7 24. Rhg1 Rg8 25. h4 h6 26. h5 g5 27. hxg6
h5 28. Rh1 Rxg6 29. Rxh5+ Rg5 30. Rxg5+ Kxg5 31. Ke4 1-0

[Event "NCL978b Wessex-Coulsdon"]
[Site "Rd10"]
[Date "1998.05.24"]
[Round "10.5"]
[White "Upton, Ian"]
[Black "Rosen, Daniel"]
[Result "0-1"]
[WhiteElo "2245"]
[BlackElo "2225"]
[PlyCount "66"]
[EventDate "1998.05.24"]

1. d4 f5 2. Bg5 d5 3. e3 Be6 4. Nd2 Nd7 5. c4 c6 6. cxd5 Bxd5 7. f3 Qa5 8. Bd3
Bf7 9. Ne2 Ngf6 10. O-O g6 11. Nc4 Bxc4 12. Bxc4 Bg7 13. Qb3 O-O-O 14. Nf4 Nf8
15. Nd3 h6 16. Bh4 Qb6 17. Qxb6 axb6 18. Ne5 Rh7 19. Rfe1 g5 20. Bf2 Nd5 21.
Rac1 e6 22. g4 Bxe5 23. dxe5 fxg4 24. fxg4 Nb4 25. Rc3 Rhd7 26. Rb3 Nd3 27.
Bxd3 Rxd3 28. Rxb6 Nd7 29. Rb4 Nxe5 30. Re2 Rd1+ 31. Kg2 R8d2 32. Rxd2 Rxd2 33.
Kg1 Rxf2 0-1

[Event "NCL978b Wessex-Coulsdon"]
[Site "Rd10"]
[Date "1998.05.24"]
[Round "10.7"]
[White "Brameld, Arthur"]
[Black "De Coverly, Roger"]
[Result "1-0"]
[WhiteElo "2072"]
[BlackElo "2090"]
[PlyCount "81"]
[EventDate "1998.05.24"]

1. e4 e5 2. f4 d5 3. exd5 c6 4. Nc3 exf4 5. Nf3 Bd6 6. Bc4 Ne7 7. dxc6 Nbxc6 8.
Ne4 O-O 9. O-O Bg4 10. d4 Rc8 11. c3 Ng6 12. Be2 Bb8 13. Nfg5 Bxe2 14. Qxe2 h6
15. Nh3 Re8 16. Nhf2 Qh4 17. Qf3 f5 18. Nc5 Re2 19. Qxe2 f3 20. Qe6+ Kh7 21.
Nh3 fxg2 22. Rf3 Nce5 23. Rg3 Rxc5 24. dxe5 Rc6 25. Qxf5 Bxe5 26. Ng5+ hxg5 27.
Rh3 Rf6 28. Rxh4+ gxh4 29. Qh5+ Kg8 30. Kxg2 Bf4 31. Qd5+ Kh7 32. Qh5+ Kg8 33.
Qd5+ Kh7 34. Bd2 Bxd2 35. Qxd2 Nf4+ 36. Kh1 g5 37. Rf1 Kg7 38. Qd7+ Rf7 39. Qg4
Kh6 40. h3 Rf6 41. c4 1-0

[Event "NCL978b Wessex-Coulsdon"]
[Site "Rd10"]
[Date "1998.05.24"]
[Round "10.8"]
[White "Vann, Monica"]
[Black "Howard, Emily"]
[Result "1/2-1/2"]
[WhiteElo "1592"]
[BlackElo "2045"]
[PlyCount "100"]
[EventDate "1998.05.24"]

1. e4 c6 2. d4 d5 3. f3 g6 4. Be3 dxe4 5. fxe4 Nf6 6. Bd3 Qb6 7. b3 Ng4 8. Qe2
Nxe3 9. Qxe3 e5 10. Nf3 Bg7 11. c3 Bg4 12. Nbd2 Bxf3 13. Nxf3 Nd7 14. O-O O-O
15. Kh1 exd4 16. cxd4 c5 17. dxc5 Qxc5 18. Rae1 Qxe3 19. Rxe3 Nc5 20. Bc4 h6
21. e5 Rae8 22. g3 Re7 23. Rfe1 Rfe8 24. Kg2 a6 25. a4 Nd7 26. e6 fxe6 27. Rxe6
Kf8 28. Nh4 Rxe6 29. Rxe6 Rxe6 30. Bxe6 Ke7 31. Bxd7 Kxd7 32. Nxg6 Kd6 33. Nf4
Ke5 34. Kf3 Bf6 35. h4 Kd4 36. Kg4 Ke5 37. Kh5 Bg7 38. Kg6 Bf8 39. Nh5 Kd4 40.
Ng7 Kc3 41. Kxh6 Kxb3 42. Kg6 Bb4 43. h5 Bd2 44. Ne6 Kxa4 45. Nc5+ Kb5 46. Nxb7
Kc6 47. Nd8+ Kd5 48. Nb7 Kc6 49. Nd8+ Kd5 50. h6 Bc3 1/2-1/2

[Event "NCL978b Barbican2-Kings Head"]
[Site "Rd10"]
[Date "1998.05.24"]
[Round "10.1"]
[White "Lewis, Andrew"]
[Black "Berry, Steve"]
[Result "1/2-1/2"]
[WhiteElo "2290"]
[BlackElo "2290"]
[PlyCount "54"]
[EventDate "1998.05.24"]

1. c4 e6 2. Nc3 b6 3. Nf3 Bb7 4. e4 Bb4 5. Bd3 Ne7 6. O-O O-O 7. Re1 f5 8. a3
Bxc3 9. dxc3 Qe8 10. Bg5 f4 11. Bxe7 Qxe7 12. e5 Nc6 13. Be4 Rf7 14. h4 Raf8
15. Qc2 g6 16. Rad1 Rg7 17. b4 h6 18. Bxg6 Nxb4 19. axb4 Rf5 20. h5 Bxf3 21.
gxf3 Rxh5 22. Kf1 Rh2 23. Qe4 c6 24. Ke2 Rg2 25. Rg1 R7xg6 26. Rxg2 Rxg2 27.
Qxf4 Rg5 1/2-1/2

[Event "NCL978b Barbican2-Kings Head"]
[Site "Rd10"]
[Date "1998.05.24"]
[Round "10.2"]
[White "Thomas, Richard"]
[Black "Rogers, Jonathan"]
[Result "1/2-1/2"]
[WhiteElo "2310"]
[BlackElo "2335"]
[PlyCount "170"]
[EventDate "1998.05.24"]

1. c4 f5 2. f4 b6 3. b3 Nf6 4. Nf3 Bb7 5. Bb2 e6 6. g3 a5 7. Bg2 Na6 8. O-O Nc5
9. d3 Be7 10. a3 O-O 11. Nc3 Ng4 12. Bc1 Bf6 13. Qc2 a4 14. b4 Nb3 15. Rb1 Nxc1
16. Qxc1 d5 17. h3 Bxc3 18. hxg4 fxg4 19. Nh2 Bf6 20. Nxg4 Qe7 21. c5 Rad8 22.
Ne5 Bxe5 23. fxe5 Rxf1+ 24. Kxf1 bxc5 25. bxc5 Bc6 26. Rb4 h6 27. Qe3 Rf8+ 28.
Kg1 Rf5 29. Rf4 Qg5 30. d4 Rxf4 31. Qxf4 Qxf4 32. gxf4 Kf7 33. Kf2 Ke7 34. e3
Kf7 35. Bf1 Kg6 36. Bd3+ Kf7 37. Kg3 g6 38. Be2 Ke7 39. Kf2 Kf7 40. Bg4 Bb5 41.
Bd1 Kg7 42. Bc2 Bc6 43. Bd3 Kf7 44. Ke2 Kg7 45. Kd2 h5 46. Ke2 Kh6 47. Kf3 g5
48. Kg3 Be8 49. Kh3 Bd7 50. Kg3 Be8 51. f5 exf5 52. Bxf5 Bc6 53. Bc8 Kg7 54.
Be6 Kf8 55. Bf5 Kf7 56. Bd3 Ke7 57. Be2 Be8 58. Bf3 Ke6 59. Bd1 Kf5 60. Bc2+
Ke6 61. Bd3 Ke7 62. Bf5 Bd7 63. Bg6 Be8 64. Bc2 Ke6 65. Kf3 Ke7 66. Bd3 Bc6 67.
Ba6 Ke6 68. Bc8+ Ke7 69. Kg3 Kf7 70. Ba6 Ke7 71. Be2 Be8 72. Bf3 Ke6 73. e4
dxe4 74. Bxe4 Bd7 75. c6 Be8 76. Kf3 Ke7 77. d5 Bf7 78. Ke3 h4 79. Kd4 g4 80.
Kc5 h3 81. d6+ Kd8 82. d7 Be6 (82... g3 $19) 83. Kd4 g3 84. Ke3 g2 85. Kf2 Ke7
1/2-1/2

[Event "NCL978b Barbican2-Kings Head"]
[Site "Rd10"]
[Date "1998.05.24"]
[Round "10.3"]
[White "Coleman, David"]
[Black "McMichael, Rick"]
[Result "1-0"]
[WhiteElo "2240"]
[BlackElo "2200"]
[PlyCount "85"]
[EventDate "1998.05.24"]

1. e4 e6 2. d4 d5 3. Nc3 Be7 4. Nf3 Nf6 5. e5 Nfd7 6. Ne2 c5 7. c3 Nc6 8. h4 f5
9. Nf4 Nf8 10. Bd3 cxd4 11. cxd4 Bd7 12. Ne2 Ng6 13. g3 O-O 14. a3 Qb6 15. b4
Rac8 16. Be3 Rc7 17. h5 Nh8 18. Kf1 Nd8 19. Kg2 Bb5 20. Nf4 Bxd3 21. Qxd3 Nhf7
22. Rhc1 Nh6 23. b5 Ng4 24. Bd2 Rd7 25. a4 a6 26. Rc8 Kf7 27. Ra8 h6 28. Rb1
Qc7 29. Rc1 Qb6 30. Rb1 Qc7 31. bxa6 bxa6 32. Rc1 Qb7 33. Rxa6 Bg5 34. Nxg5+
hxg5 35. Ng6 Re8 36. Bxg5 Rc7 37. Rxc7+ Qxc7 38. Qb5 Nb7 39. Rc6 Qd7 40. Rb6
Qxb5 41. Rxb5 Nd8 42. Rb6 Nh6 43. Rd6 1-0

[Event "NCL978b Barbican2-Kings Head"]
[Site "Rd10"]
[Date "1998.05.24"]
[Round "10.4"]
[White "Okike, David"]
[Black "Twyble, Michael"]
[Result "1/2-1/2"]
[WhiteElo "2150"]
[BlackElo "2205"]
[PlyCount "152"]
[EventDate "1998.05.24"]

1. e4 c5 2. Nf3 d6 3. d4 cxd4 4. Nxd4 Nf6 5. Nc3 a6 6. f4 e5 7. Nf3 Nbd7 8. Bc4
Be7 9. Qe2 b5 10. Bb3 Bb7 11. O-O O-O 12. Kh1 Rc8 13. Nd5 Nxd5 14. Bxd5 Bxd5
15. exd5 Bf6 16. a4 Re8 17. axb5 axb5 18. Qxb5 Rxc2 19. Ra7 e4 20. Ng1 Nc5 21.
b4 Nd3 22. Be3 h6 23. Rd7 Qb8 24. Rb7 Qc8 25. h3 Rd8 26. Rb1 Rxg2 27. Kxg2 Qc2+
28. Kh1 Qxb1 29. Rb8 Rxb8 30. Qxb8+ Kh7 31. Qxd6 Qxb4 32. Qd7 Be7 33. Qe8 Kg6
34. Qc6+ Qd6 35. Qc4 f5 36. Ne2 Qb4 37. Qc6+ Qd6 38. Qe8+ Kh7 39. Nd4 Qb4 40.
Nxf5 Qe1+ 41. Bg1 Bc5 42. Ne3 Bxe3 43. Qxe4+ Kg8 44. Qe8+ Kh7 45. Qxe3 Qxe3 46.
Bxe3 Kg8 47. Kg2 Kf7 48. Kf3 Nb2 49. Bc5 Nc4 50. Ke4 Nd2+ 51. Kd3 Nb3 52. Bb4
Nc1+ 53. Ke4 g6 54. Ba3 Nb3 55. Ke5 Nd2 56. Bc5 Nc4+ 57. Kd4 Nd2 58. Bb4 Nf3+
59. Kc5 g5 60. Bc3 gxf4 61. d6 Ng5 62. Kc6 Ne6 63. d7 f3 64. Be1 Kf6 65. Bh4+
Ke5 66. Bf2 h5 67. Bh4 Nd4+ 68. Kc7 Ne6+ 69. Kc6 Nd4+ 70. Kb6 Ne6 71. Kb7 Kd5
72. Bf2 Ke4 73. Kc6 Nd8+ 74. Kd6 Nf7+ 75. Ke7 Ne5 76. Kf6 Nc6 1/2-1/2

[Event "NCL978b Barbican2-Kings Head"]
[Site "Rd10"]
[Date "1998.05.24"]
[Round "10.5"]
[White "Sands, David"]
[Black "Mackenzie, Colin"]
[Result "1/2-1/2"]
[WhiteElo "2255"]
[BlackElo "2056"]
[PlyCount "55"]
[EventDate "1998.05.24"]

1. d4 e6 2. c4 Nf6 3. Nc3 Bb4 4. Qc2 Nc6 5. Nf3 d5 6. Bg5 O-O 7. e3 h6 8. Bh4
a6 9. cxd5 exd5 10. Bd3 Re8 11. O-O g5 12. Bg3 Bd6 {(Draw offer)} 13. Bxd6 Qxd6
14. a3 Bg4 15. Nd2 Kg7 16. Rfc1 Nd8 17. b4 c6 18. Na4 Ne6 19. Rab1 Re7 20. Nb3
Rae8 21. Na5 Nd8 22. Nc3 Bc8 23. Nb3 Ng4 24. g3 h5 25. Bf5 Bxf5 26. Qxf5 f6 27.
Nd2 Nh6 28. Qf3 1/2-1/2

[Event "NCL978b Barbican2-Kings Head"]
[Site "Rd10"]
[Date "1998.05.24"]
[Round "10.7"]
[White "Flower, David"]
[Black "Compton, Alastair"]
[Result "0-1"]
[WhiteElo "2075"]
[BlackElo "1828"]
[PlyCount "74"]
[EventDate "1998.05.24"]

1. c4 e5 2. g3 Nc6 3. Bg2 Nf6 4. Nc3 Be7 5. d3 O-O 6. Bd2 Re8 7. a3 a5 8. Nd5
d6 9. e3 Bf8 10. Ne2 Nxd5 11. cxd5 Nb8 12. Nc3 Na6 13. Rc1 Nc5 14. Qc2 Bd7 15.
b3 Rc8 16. O-O c6 17. b4 axb4 18. axb4 Na6 19. Qb2 c5 20. Ne4 f5 21. b5 Nb4 22.
Bxb4 fxe4 23. Bd2 exd3 24. Rc4 Qb6 25. Rb1 Ra8 26. Be4 Ra7 27. Bxd3 Rea8 28.
Qc2 g6 29. Rc3 Ra2 30. Qd1 Bg7 31. Rc2 R8a4 32. Rxa2 Rxa2 33. Bc3 e4 34. Bxg7
exd3 35. Bh6 Bf5 36. Qb3 Qa5 37. f3 Qd2 0-1

[Event "NCL978b Barbican2-Kings Head"]
[Site "Rd10"]
[Date "1998.05.24"]
[Round "10.8"]
[White "Suzuki, Layla"]
[Black "Thompson, Tracey"]
[Result "0-1"]
[WhiteElo "1120"]
[BlackElo "2230"]
[PlyCount "64"]
[EventDate "1998.05.24"]

1. d4 d5 2. Nf3 Nf6 3. c4 e6 4. Nc3 Be7 5. cxd5 exd5 6. e3 c6 7. Bd3 O-O 8. O-O
Bg4 9. Be2 Nbd7 10. Qc2 Bd6 11. Re1 Qc7 12. Bd2 Bxf3 13. Bxf3 Bxh2+ 14. Kh1 Bd6
15. e4 dxe4 16. Nxe4 Bf4 17. Bc3 Nxe4 18. Bxe4 Nf6 19. Bf3 Rfe8 20. Rad1 Re7
21. Rxe7 Qxe7 22. Re1 Qd7 23. a3 Bc7 24. Qb3 Qd6 25. g3 Bb6 26. Qd1 Rd8 27. Kg2
Bxd4 28. Bxd4 Qxd4 29. Qb3 Qb6 30. Qc2 h6 31. Re2 Qd4 32. Rd2 Qxd2 0-1

[Event "NCL978b Witney-Nidum Kts"]
[Site "Rd10"]
[Date "1998.05.24"]
[Round "10.1"]
[White "Hannon, Mark"]
[Black "Walsh, Chris"]
[Result "0-1"]
[WhiteElo "1920"]
[BlackElo "2190"]
[PlyCount "72"]
[EventDate "1998.05.24"]

1. d4 e6 2. c4 Nf6 3. Nc3 Bb4 4. e3 b6 5. Bd3 Bb7 6. Nge2 Bxg2 7. Rg1 Be4 8. a3
Bxd3 9. Qxd3 Bf8 10. e4 d6 11. Bg5 Be7 12. O-O-O Nc6 13. f4 h6 14. Bxf6 gxf6
15. d5 Na5 16. b4 Nb7 17. dxe6 fxe6 18. e5 fxe5 19. Qe4 Rb8 20. Qg6+ Kd7 21.
fxe5 Bg5+ 22. Kb2 Qg8 23. Qe4 Qh7 24. Qd4 Rhg8 25. exd6 cxd6 26. Ne4 Be7 27. c5
bxc5 28. Nxc5+ Nxc5 29. Qxc5 Rgc8 30. Qxa7+ Rc7 31. Qa4+ Kd8 32. Nf4 Bf6+ 33.
Ka2 Rc2+ 34. Kb3 Rb2+ 35. Kc4 Qe4+ 36. Rd4 Qxd4# 0-1

[Event "NCL978b Witney-Nidum Kts"]
[Site "Rd10"]
[Date "1998.05.24"]
[Round "10.2"]
[White "Williams, Leighton"]
[Black "Cooksey, Paul"]
[Result "1/2-1/2"]
[WhiteElo "2240"]
[BlackElo "2185"]
[PlyCount "73"]
[EventDate "1998.05.24"]

1. d4 d5 2. c4 c6 3. Nf3 Nf6 4. Nc3 dxc4 5. a4 Bf5 6. e3 e6 7. Bxc4 Bb4 8. O-O
Nbd7 9. Nh4 Bg6 10. Nxg6 hxg6 11. h3 O-O 12. Qe2 Qa5 13. Bd2 Rad8 14. Rfd1 e5
15. d5 e4 {(Draw offer)} 16. dxc6 bxc6 17. Be1 Ne5 18. Rd4 Rxd4 19. exd4 Nxc4
20. Qxc4 Bxc3 21. bxc3 Qb6 22. Qb4 Nd5 23. Qxb6 Nxb6 24. a5 Nc4 25. Ra4 Nb2 26.
Rb4 Nd3 27. Rb1 f5 28. Kf1 c5 29. dxc5 Rc8 30. Rb7 a6 31. Rb6 Rxc5 32. Rxa6 Rb5
33. Bd2 Rb2 34. Be3 f4 35. Bd4 Rb1+ 36. Ke2 Rb2+ 37. Kf1 1/2-1/2

[Event "NCL978b Witney-Nidum Kts"]
[Site "Rd10"]
[Date "1998.05.24"]
[Round "10.3"]
[White "Hunt, Adam"]
[Black "Morris, Gareth"]
[Result "1-0"]
[WhiteElo "2255"]
[BlackElo "2150"]
[PlyCount "85"]
[EventDate "1998.05.24"]

1. e4 c5 2. Nf3 Nc6 3. d4 cxd4 4. Nxd4 Nf6 5. Nc3 e5 6. Ndb5 d6 7. Bg5 a6 8.
Na3 b5 9. Bxf6 gxf6 10. Nd5 Bg7 11. Bd3 Ne7 12. Nxe7 Qxe7 13. c4 f5 14. cxb5 d5
15. bxa6 O-O 16. O-O fxe4 17. Bb5 Rd8 18. Qe2 Qe6 19. Rfd1 Bxa6 20. Rac1 Bh6
21. Rc3 Kh8 22. Qh5 Bxb5 23. Nxb5 e3 24. Nc7 exf2+ 25. Kf1 Qb6 26. Nxa8 Rxa8
27. Qxe5+ Bg7 28. Qxd5 Re8 29. Rf3 Re1+ 30. Rxe1 fxe1=Q+ 31. Kxe1 Qg1+ 32. Ke2
Qxg2+ 33. Kd3 Qg6+ 34. Rf5 Qa6+ 35. Qc4 Qd6+ 36. Rd5 Qg6+ 37. Qe4 Qa6+ 38. Kc2
Qc6+ 39. Kb1 Qc8 40. Qd3 Bf6 41. Qf5 Qa6 42. a3 Qb6 43. Rb5 1-0

[Event "NCL978b Witney-Nidum Kts"]
[Site "Rd10"]
[Date "1998.05.24"]
[Round "10.4"]
[White "Fish, Andrew"]
[Black "Headlong, Tim"]
[Result "0-1"]
[WhiteElo "2115"]
[BlackElo "2260"]
[PlyCount "79"]
[EventDate "1998.05.24"]

1. e4 c5 2. Nc3 Nc6 3. g3 g6 4. Bg2 Bg7 5. d3 d6 6. f4 e6 7. Nf3 Nge7 8. O-O
O-O 9. Be3 b6 10. e5 Bb7 11. exd6 Qxd6 12. Ne5 Qd8 13. Qd2 Rc8 14. Rae1 Ba8 15.
Ne4 Nxe5 16. fxe5 Bxe4 17. Bxe4 Bxe5 18. Bh6 Bg7 19. c3 Nd5 20. Bg5 Qd7 21. Qf2
f6 22. Bc1 Rcd8 23. Bg2 Nc7 24. Re3 e5 25. Qe2 Rfe8 26. h4 f5 27. Bh3 Qd6 28.
h5 Nd5 29. Ref3 e4 30. dxe4 Rxe4 31. Qc2 c4 32. Bg2 Rde8 33. R3f2 Qxg3 34. Qd1
Nf6 35. hxg6 hxg6 (35... Ng4) 36. Rf3 Qc7 37. Bf4 Qc5+ 38. Kh1 Ng4 39. Bd6 Qc8
40. Qd5+ {time} 0-1

[Event "NCL978b Witney-Nidum Kts"]
[Site "Rd10"]
[Date "1998.05.24"]
[Round "10.5"]
[White "Haydon, Richard"]
[Black "Musson, Adam"]
[Result "1-0"]
[WhiteElo "2180"]
[BlackElo "2109"]
[PlyCount "41"]
[EventDate "1998.05.24"]

1. Nf3 c5 2. g3 b6 3. Bg2 Bb7 4. O-O e6 5. c4 Nf6 6. Nc3 Nc6 7. e4 d6 8. d4
cxd4 9. Nxd4 {#} Be7 $4 10. e5 Nxd4 11. exf6 Bxg2 12. fxe7 Qxe7 13. Kxg2 Qb7+
14. f3 Nf5 15. Qa4+ Kf8 16. Qc2 Rc8 17. b3 h5 18. Qe4 Qd7 19. Ba3 Kg8 20. Rad1
d5 21. Nxd5 1-0

[Event "NCL978b Witney-Nidum Kts"]
[Site "Rd10"]
[Date "1998.05.24"]
[Round "10.6"]
[White "Bennett, Alan"]
[Black "Rose, Matthew"]
[Result "0-1"]
[WhiteElo "2100"]
[BlackElo "2176"]
[PlyCount "104"]
[EventDate "1998.05.24"]

1. e4 c5 2. c3 Nf6 3. e5 Nd5 4. Bc4 Nb6 5. Bb3 Nc6 6. Nf3 c4 7. Bc2 g6 8. b3
Bg7 9. Qe2 Qc7 10. e6 dxe6 11. bxc4 e5 12. a4 Be6 13. Na3 h6 14. O-O a6 15. Re1
O-O 16. Rb1 Nd7 17. d4 Bg4 18. d5 Na5 19. h3 Bxf3 20. Qxf3 Qd6 21. Rb4 Rac8 22.
Bd2 f5 23. Reb1 Kh7 24. h4 e4 25. Qh3 Ne5 26. h5 g5 27. Be3 Nexc4 28. Nxc4 Nxc4
29. Rxb7 Nxe3 30. Qxe3 Rxc3 31. Qd2 Rfc8 32. Bd1 Rd3 33. Qe2 Rxd5 34. R7b6 Rc6
35. Rxc6 Qxc6 36. Qa2 Be5 37. Bb3 Rc5 38. Bd1 Kg7 39. Qd2 Qd6 40. Qb4 Rd5 41.
Qb3 Bd4 42. Be2 Qf4 43. Rf1 e3 44. g3 exf2+ 45. Kg2 Qe5 46. Qb7 g4 47. Bc4 Rd8
48. Qxa6 Qf6 49. Qb7 f4 50. gxf4 Qh4 51. Qb3 Rc8 52. Rd1 Rxc4 0-1

[Event "NCL978b Witney-Nidum Kts"]
[Site "Rd10"]
[Date "1998.05.24"]
[Round "10.7"]
[White "Elliott, Sean"]
[Black "Jones, Richard S"]
[Result "1-0"]
[WhiteElo "2064"]
[BlackElo "2045"]
[PlyCount "73"]
[EventDate "1998.05.24"]

1. e4 c5 2. Nf3 d6 3. d4 cxd4 4. Nxd4 Nf6 5. Nc3 a6 6. Be3 e6 7. Qd2 b5 8. f3
Bb7 9. g4 Nc6 10. Nxc6 Bxc6 11. O-O-O Rc8 12. Kb1 Be7 13. h4 Nd7 14. g5 b4 15.
Ne2 a5 16. Nd4 Bb7 17. h5 d5 18. Qg2 Qc7 19. Bb5 h6 20. g6 Bf6 21. Rd2 Ke7 22.
gxf7 Rhf8 23. Qg4 Nc5 {#} 24. Nc6+ Bxc6 25. Bxc5+ Kxf7 26. Bxc6 Qxc6 27. Bxf8
Kxf8 28. exd5 exd5 29. Qf5 Qc7 30. Rxd5 Re8 31. Rhd1 Qc6 32. Rd8 a4 33. Rxe8+
Qxe8 34. Qe4 Qb5 35. Qa8+ Ke7 36. Qd8+ Ke6 37. Qd6+ 1-0

[Event "NCL978b Witney-Nidum Kts"]
[Site "Rd10"]
[Date "1998.05.24"]
[Round "10.8"]
[White "Wilson, Julie"]
[Black "Headlong, Fenella"]
[Result "1/2-1/2"]
[WhiteElo "1728"]
[BlackElo "1824"]
[PlyCount "46"]
[EventDate "1998.05.24"]

1. d4 d5 2. c4 e6 3. Nf3 Nf6 4. Bg5 Be7 5. Nc3 O-O 6. e3 Nbd7 7. Bd3 c5 8. O-O
dxc4 9. Bxc4 cxd4 10. Nxd4 Ne5 {(Draw offer)} 11. Be2 Bd7 12. f4 Ng6 13. Bd3
Nd5 14. Bxe7 Qxe7 15. Nxd5 exd5 16. Qf3 Rfe8 17. Rfe1 Qh4 18. Bxg6 hxg6 19.
Qxd5 Bg4 20. h3 Rad8 21. Qa5 Bxh3 22. gxh3 Qg3+ 23. Kf1 Qxh3+ 1/2-1/2

[Event "NCL978b Gwent Dragons-White Ro"]
[Site "Rd10"]
[Date "1998.05.24"]
[Round "10.1"]
[White "Jones, Iolo"]
[Black "Dunnington, Angus"]
[Result "1/2-1/2"]
[WhiteElo "2245"]
[BlackElo "2390"]
[PlyCount "48"]
[EventDate "1998.05.24"]

1. d4 Nf6 2. Nf3 d5 3. Bg5 g6 4. Bxf6 exf6 5. e3 Bg7 6. c4 dxc4 7. Bxc4 O-O 8.
Nc3 Nd7 9. O-O Nb6 10. Bb3 c6 11. Rc1 f5 12. Qc2 Qd6 13. Rfd1 Be6 14. Ne2 Bd5
15. Nf4 Rfd8 16. Nxd5 Nxd5 17. Bxd5 Qxd5 18. Qc4 Rd7 19. Qxd5 Rxd5 20. g3 Rad8
21. Rf1 Ra5 22. a3 Rd7 23. Rc2 Rb5 24. Rfc1 Bf6 1/2-1/2

[Event "NCL978b Gwent Dragons-White Ro"]
[Site "Rd10"]
[Date "1998.05.24"]
[Round "10.2"]
[White "Dearing, Eddie"]
[Black "Varley, Peter"]
[Result "0-1"]
[WhiteElo "2295"]
[BlackElo "2210"]
[PlyCount "88"]
[EventDate "1998.05.24"]

1. d4 Nf6 2. c4 g6 3. Nc3 d5 4. cxd5 Nxd5 5. e4 Nxc3 6. bxc3 Bg7 7. Be3 c5 8.
Qd2 Qa5 9. Rb1 cxd4 10. cxd4 Qxd2+ 11. Kxd2 O-O 12. Bd3 Rd8 13. Ne2 Nc6 14. d5
Ne5 15. Nd4 Nxd3 16. Kxd3 e6 17. dxe6 fxe6 18. f4 b6 19. e5 Ba6+ 20. Kc3 Rac8+
21. Kb2 Kf7 22. Rhd1 Rd5 23. Nf3 h6 24. Rxd5 exd5 25. Rd1 Bc4 26. Rd2 Bf8 27.
g4 a5 28. f5 gxf5 29. gxf5 a4 30. a3 b5 31. Bd4 b4 32. e6+ Ke8 33. axb4 Bxb4
34. Rc2 a3+ 35. Ka1 Ke7 36. Ne5 Bc5 37. Ng6+ Kd6 38. Be5+ Kc6 39. f6 Kb5 40. f7
d4 {#} 41. Bf4 (41. Nf4 $1 {unclear with the idea} d3 $2 42. Nxd3 $1 {
followed by Rxc5!}) 41... d3 42. Rxc4 Kxc4 43. e7 $4 Kb3 44. Be5 Bd4+ 0-1

[Event "NCL978b Gwent Dragons-White Ro"]
[Site "Rd10"]
[Date "1998.05.24"]
[Round "10.3"]
[White "Borg, Andy"]
[Black "Barrett, Stephen"]
[Result "1-0"]
[WhiteElo "2135"]
[BlackElo "2240"]
[PlyCount "95"]
[EventDate "1998.05.24"]

1. d4 Nf6 2. c4 g6 3. Nc3 Bg7 4. e4 d6 5. f4 O-O 6. Nf3 c5 7. dxc5 Qa5 8. Bd3
Qxc5 9. Qe2 Nc6 10. Be3 Qa5 11. O-O Bg4 12. Rac1 Nd7 13. Qf2 Bxf3 14. gxf3 Nc5
15. Bb1 Qb4 16. Rfd1 Rad8 17. e5 Qxc4 18. Nd5 Qa4 19. Bxc5 dxc5 20. Qxc5 e6 21.
b3 Qa6 22. Nc3 Qb6 23. Qxb6 axb6 24. Ne2 Rxd1+ 25. Rxd1 Rd8 26. Rxd8+ Nxd8 27.
Kf2 f6 28. exf6 Bxf6 29. Ke3 Nc6 30. Kd3 Nb4+ 31. Kc4 Nd5 32. Be4 Ne7 33. Kb5
e5 34. Kxb6 exf4 35. Kxb7 Kf7 36. a4 Ke6 37. Nxf4+ Kd7 38. Nd5 Nxd5 39. Bxd5
Kd6 40. Bg8 Bc3 41. Bxh7 g5 42. Kb6 Bd4+ 43. Kb5 Bf2 44. Bf5 Bg1 45. h3 Bf2 46.
a5 Be1 47. Kb6 Bf2+ 48. Kb7 1-0

[Event "NCL978b Gwent Dragons-White Ro"]
[Site "Rd10"]
[Date "1998.05.24"]
[Round "10.4"]
[White "Gayson, Peter"]
[Black "Powell, J Lloyd"]
[Result "0-1"]
[WhiteElo "2240"]
[BlackElo "2048"]
[PlyCount "82"]
[EventDate "1998.05.24"]

1. e4 c5 2. Nf3 d6 3. d4 cxd4 4. Nxd4 Nf6 5. Nc3 a6 6. f4 Qc7 7. a4 g6 8. Nf3
Nbd7 9. Bd3 Bg7 10. O-O b6 11. Qe1 Bb7 12. Bd2 O-O 13. Qh4 Rae8 14. f5 e6 15.
fxg6 fxg6 16. Rae1 Nc5 17. Kh1 Nxd3 18. cxd3 e5 19. Be3 d5 20. exd5 Nxd5 21.
Ng5 h6 22. Nxd5 Bxd5 23. Ne4 Rf5 24. Rxf5 gxf5 25. Nf6+ Bxf6 26. Qxf6 Qg7 27.
Qxg7+ Kxg7 28. Bxb6 Kf6 29. Bd4 Bb3 30. Be3 Rd8 31. Bxh6 Rxd3 32. Kg1 f4 33.
Bf8 Bxa4 34. Bb4 Kf5 35. h4 Bc6 36. h5 Rg3 37. Re2 f3 38. Rf2 Kg5 39. Kf1 fxg2+
40. Kg1 Rh3 41. Bd2+ Kg4 0-1